000
00241nam a2200109Ia 4500
008
190216s9999||||xx |||||||||||||| ||und||
100
_a
Halen Y C
245
0
_a
Tutorial In Public Finance
260
_b
Null
650
_a
Economics
942
_c
BK
999
_c
9446
_d
9446